MDQL
is popping MORE tags! Check the
thread
!
Quizzes
Events
Quiz Creation
Community
Videos
Private Events
Remove Ads
Sign In
Join for FREE
Feedback
Dark Mode
Quiz Categories
Sports
Geography
Music
Movies
Television
Just For Fun
Miscellaneous
History
Literature
Language
Science
Gaming
Entertainment
Religion
Holiday
For Kids
Quiz Lab
Recent
Popular Today
Quiz Kudos Today
Editor Picks
Curator Picks
Quizzes by...
Day
Popularity
Type
Ratings
Length
Year
Community
Subscriptions
Recent Discussions
Orange Saloon
Badges
Playlists
Quests
Create
Leaderboards
Showdown
Live 5
Trivia Bingo
Activity
Puzzle Library
Sporcle Events
Private Events
Virtual Trivia
Globe League
Become a Host
Pub Owners
SporcleCon
Opinionation
Our Games
Videos
Blog
Mobile Apps
Partnerships
Remove Ads and Go Orange
Feedback
Music
Pop Music
The Beatles
Song
Album
Lyrics
Bands
Singers
Artist
Clip
Rock
Rap
Classical
Billboard
Country Music
Kpop
Taylor Swift
Music
Pop Music
The Beatles
Song
Album
Lyrics
Bands
Singers
Artist
Clip
Rock
Rap
Classical
Billboard
Country Music
Kpop
Taylor Swift
Random Quiz
Search Sporcle
×
Quiz Lab
Quiz Lab
Music
Lyrics
Type in answers that appear in a list
Type in answers that appear in a list
Classic
Best Score? Go Orange.
Stone Cold Crazy lyrics Stats
Can you name the lyrics to Stone Cold Crazy by Queen?
By
Ghaznavid
4m
168 Questions
174 Plays
174 Plays
174 Plays
Comments
Comments
Give Quiz Kudos
Give Quiz Kudos
-
- Ratings
hide this ad
Replay
Link that replays current quiz
Next Quiz
Link to next quiz in quiz playlist
You Got
0%
They Got
Avg Score
70%
Avg Friend Score
Upgrade to see
Score Distribution
Jump to the score distribution portion of the page
Score
0/168
Timer
04:00
0
Plays Today
Answer
% Correct
a
96.6%
I
96.6%
I
96.6%
a
96.6%
a
96.6%
I
96.6%
a
96.6%
I
96.6%
I
96.6%
I
96.6%
a
96.6%
I
96.6%
stone
93.7%
cold
93.7%
Stone
93.7%
cold
93.7%
stone
93.7%
cold
93.7%
Stone
93.7%
cold
93.7%
Stone
93.7%
cold
93.7%
Crazy
93.1%
crazy
93.1%
Crazy
93.1%
crazy
93.1%
Crazy
93.1%
crazy
93.1%
the
91.4%
the
91.4%
the
91.4%
the
91.4%
the
91.4%
on
90.2%
on
90.2%
go
89.7%
go
89.7%
you
87.4%
you
87.4%
you
87.4%
to
86.8%
to
86.8%
Al
83.3%
me
82.8%
me
82.8%
me
82.8%
me
82.8%
me
82.8%
was
82.2%
was
82.2%
got
82.2%
get
81.6%
get
81.6%
know
81.6%
get
81.6%
know
81.6%
Answer
% Correct
get
81.6%
get
81.6%
know
81.6%
Capone
80.5%
dreaming
78.7%
gotta
78.2%
Gotta
78.2%
gotta
78.2%
Gotta
78.2%
gotta
78.2%
more
76.4%
more
76.4%
Saturday
75.9%
away
75.9%
away
75.9%
away
75.9%
There's
75.3%
morning
74.7%
going
74.7%
gonna
74.1%
gonna
74.1%
gonna
74.1%
gonna
74.1%
Here
72.4%
down
72.4%
from
72.4%
from
72.4%
down
72.4%
Here
72.4%
round
71.8%
come
71.8%
come
71.8%
come
71.8%
this
71.3%
this
71.3%
I'm
70.7%
I'm
70.7%
in
70.7%
town
70.1%
outta
69.5%
any
69.5%
outta
69.5%
and
67.8%
and
67.8%
and
67.8%
Sleeping
67.2%
it
67.2%
it
67.2%
very
66.7%
once
66.7%
floor
66.7%
floor
66.7%
like
66.1%
soundly
64.9%
Law
64.4%
clear
63.8%
Answer
% Correct
bone
62.6%
fish
62.1%
Never
62.1%
never
62.1%
never
62.1%
my
62.1%
my
62.1%
rumour
61.5%
dry
61.5%
break
60.9%
carry
60.9%
door
60.3%
smelling
58.6%
that
56.9%
gun
55.7%
can't
55.2%
with
54%
They
53.4%
they
53.4%
shooting
51.1%
take
50.6%
people
50.6%
run
50.6%
water
50%
deputy
50%
if
48.9%
juice
48.3%
meet
47.7%
up
47.7%
Anymore
47.1%
anymore
47.1%
anymore
47.1%
sirens
46.6%
tommy
46%
ran
44.3%
loose
43.7%
street
43.1%
hell
43.1%
he's
42.5%
heaven
42.5%
Walking
42%
Will
40.8%
put
39.7%
let
39.1%
cell
38.5%
afternoon
36.2%
rubber
35.6%
getta
35.1%
Rainy
33.9%
cannot
33.9%
typhoon
33.3%
playing
33.3%
slide
32.8%
trombone
32.2%
blow
31%
They're
28.7%
Quiz Playlist
Details
Report
Send in Message
Add To Playlist
Classic:
Type in answers that appear in a list
Quiz Source
Last Updated: Feb 16, 2017
Quiz Scoreboard
CHALLENGE
Sign Up to Join the Scoreboard
Show All
Scores
Hide
Comments
May contain spoilers
Recently Published
Find the 'City' Movie
by crazypaving
Movies
60s
5x2 Blitz: Bands
by SL_Kpop136
Music
30s
Colored Red Africa Blitz
by spor1
Geography
30s
More to Explore
Quiz From the Vault
Featured Blog Post
14 Easter Pick-up Lines to Find Eggs With
hide this ad
You Might Also Like...
Tags
Lyrics Quiz
Queen
Rock Lyrics
Rock Songs
Today's Top Quizzes in Music
Browse Music
hide this ad
Today's Top Quizzes in Lyrics
Browse Lyrics
Top Contributed Quizzes in Music
1
5X2 Blitz: Bands II
2
5X2 Blitz: The Beatles
3
Taylor Swift All Songs (2024)
4
5X2 Blitz: Billboard
5
Taylor Swift Logic Puzzle II
6
5X2 Blitz: Billboard II
7
5X2 Blitz: Singers
8
5X2 Blitz: Album
9
5X2 Blitz: Rock
10
5X2 Blitz: Lyrics
Explore More
Trending Topics
Disney
Crossword
Kpop
NBA
Marvel
Anime
Harry Potter
Soccer
The Office
NFL
WWE
Country
Puzzle
Pokémon
Song
hide this ad
More By:
Ghaznavid
Quiz
Plays
Rating
Category
Featured
Created
Countries without airports
258
3.14
Geography
May 27, 2014
Lyrics of The Book of Love
213
3.75
Music
Feb 11, 2014
Stone Cold Crazy lyrics
174
3.00
Music
Mar 4, 2016
Mainland Island Capitals
111
4.75
Geography
May 21, 2014
South African Capital Cities
70
3.33
Geography
Feb 9, 2014
Go to Creator's Profile
Score Distribution
Quiz Creator Spotlight
Ghaznavid
Follow
Send a Message
Quizzes Created
-
Created Quiz Play Count
-
More By This Creator
Popular Quizzes Today
1
Colored Red Africa Blitz
2
Find the 'City' Movie
3
Find the US States - No Outlines Minefield
4
5x2 Blitz: Bands
5
The Countries of the World
6
Find the US States
7
US States
8
Find the Countries of Europe - No Outlines Minefield
More Music Quizzes
25 Names, 25 Artists (Clip)
Quiz Lab
Trending Quizzes
Colored Red Europe Blitz I
Colored Red Europe Blitz II
Colored Red Africa Blitz II
Colored Red Europe Blitz III
Colored Red Africa Blitz III
Recently Updated
How Do You Spell That?
pecheneg
Godzilla Movies
pecheneg
Grab Bag: 4-10 Letters
pecheneg
2024 March Madness Bracket
pecheneg
Famous TV Couples
Peacemaker
Champions League XIs: Real Madrid
pecheneg
Largest US Cities 1790-2010
pecheneg
Rides in Walt Disney World
pecheneg
Most Oscar Losses (Acting)
pecheneg
Beyoncé Albums
pecheneg
Trending Topics
Kpop
Harry Potter
Marvel
NBA
Anime
Crossword
Disney
Soccer
The Office
Country
WWE
NFL
Song
Pokémon
Puzzle
Your Account Isn't Verified!
In order to create a playlist on Sporcle, you need to verify the email address you used during registration. Go to your
Sporcle Settings
to finish the process.
Report this User
Report this user for behavior that violates our
Community Guidelines
.
Details:
Send Report
Go to the Sporcle.com Mobile Site →
Comments